书目信息 |
| 题名: |
当代大学生性行为现状及相关因素研究
|
|
| 作者: | 彭彧华 著 | |
| 分册: | ||
| 出版信息: | 北京 北京出版社 2009.11 |
|
| 页数: | 251页 | |
| 开本: | 21cm | |
| 丛书名: | ||
| 单 册: | ||
| 中图分类: | G647.9 | |
| 科图分类: | ||
| 主题词: | 大学生--性问题--调查研究--中国 , 大学生 , 性问题 | |
| 电子资源: | ||
| ISBN: | 978-7-200-08008-7 | |
| 000 | 01019nam0 22002651 450 | |
| 001 | 004326435 | |
| 005 | 20100713044852.0 | |
| 010 | @a978-7-200-08008-7@dCNY26.00 | |
| 100 | @a20091123d2009 em y0chiy50 ea | |
| 101 | 0 | @achi |
| 102 | @aCN@b110000 | |
| 105 | @ay z 000yy | |
| 200 | 1 | @a当代大学生性行为现状及相关因素研究@9dang dai da xue sheng xing xing wei xian zhuang ji xiang guan yin su yan jiu@e北京部分高校大学生抽样调查分析@f彭彧华著 |
| 210 | @a北京@c北京出版社@d2009.11 | |
| 215 | @a251页@d21cm | |
| 330 | @a本书通过大样本的问卷调查,对当代大学生的性行为现状进行了系统分析,从不同角度探讨了影响大学生性行为的相关因素,得出了具有重要指导意义的结论。 | |
| 517 | 1 | @a北京部分高校大学生抽样调查分析@9bei jing bu fen gao xiao da xue sheng chou yang diao cha fen xi |
| 606 | 0 | @a大学生@x性问题@x调查研究@y中国 |
| 606 | 0 | @a大学生 |
| 606 | 0 | @a性问题 |
| 690 | @aG647.9@v5 | |
| 701 | 0 | @a彭彧华@9peng yu hua@4著 |
| 801 | 0 | @aCN@b91MARC@c20101222 |
| 905 | @aBZT@dG647.9@e1 | |
| 906 | @dCNY26.00@n0@r1 | |
| 当代大学生性行为现状及相关因素研究:北京部分高校大学生抽样调查分析/彭彧华著.-北京:北京出版社,2009.11 |
| 251页;21cm |
| ISBN 978-7-200-08008-7:CNY26.00 |
| 本书通过大样本的问卷调查,对当代大学生的性行为现状进行了系统分析,从不同角度探讨了影响大学生性行为的相关因素,得出了具有重要指导意义的结论。 |
| ● |
| 相关链接 |
|
|
|
正题名:当代大学生性行为现状及相关因素研究
索取号:G647.9/1
 
预约/预借
| 序号 | 登录号 | 条形码 | 馆藏地/架位号 | 状态 | 备注 |
| 1 | 755890 | 2000755890 | 样本书库/样007架A面2层2列/ [索取号:G647.9/1] | 在馆 | |
| 2 | 755891 | 2000755891 | 中心书库北库/ 北库028架A面5列3层52/ [索取号:G647.9/1] | 在馆 | |
| 3 | 755892 | 2000755892 | 中心书库北库/ 北库028架A面5列3层56/ [索取号:G647.9/1] | 在馆 | |
| 4 | 755893 | 2000755893 | 中心书库北库/ 北库028架A面5列3层53/ [索取号:G647.9/1] | 在馆 | |
| 5 | 755894 | 2000755894 | 中心书库北库/ 北库028架A面5列3层54/ [索取号:G647.9/1] | 在馆 | |
| 6 | 755895 | 2000755895 | 中心书库北库/ 北库028架A面5列3层55/ [索取号:G647.9/1] | 在馆 |